子供の成長と教育= Growth and education of children

Đã lưu trong:
Sonraí Bibleagrafaíochta
Formáid: Leabhar
Teanga:Undetermined
Foilsithe: Japan Longman 1979
Ábhair:
Clibeanna: Cuir Clib Leis
Gan Chlibeanna, Bí ar an gcéad duine leis an taifead seo a chlibeáil!
Thư viện lưu trữ: Trung tâm Học liệu Trường Đại học Cần Thơ
LEADER 00498nam a2200169Ia 4500
001 CTU_237300
008 210402s9999 xx 000 0 und d
082 |a 305.231 
082 |b G884/Vol.4-No.1 
245 0 |a 子供の成長と教育= 
245 0 |b Growth and education of children 
260 |a Japan 
260 |b Longman 
260 |c 1979 
650 |a Phát triển kỹ năng cho trẻ,Child development 
910 |a Tuyến 
980 |a Trung tâm Học liệu Trường Đại học Cần Thơ